LIBRARY & INFORMATION CENTRE, KCAET, TAVANUR

ONLINE PUBLIC ACCESS CATALOGUE (OPAC)

Principles of Agricultural Marketing (Record no. 14295)

MARC details
000 -LEADER
fixed length control field 00305nam a22001217a 4500
020 ## - INTERNATIONAL STANDARD BOOK NUMBER
ISBN 9788126157303
082 ## - DEWEY DECIMAL CLASSIFICATION NUMBER
Classification number 630.33
Item number KUL/PR
100 ## - MAIN ENTRY--AUTHOR NAME
Personal name Kulshrestha,S.R
245 ## - TITLE STATEMENT
Title Principles of Agricultural Marketing
260 ## - PUBLICATION, DISTRIBUTION, ETC. (IMPRINT)
Place of publication New Delhi
Name of publisher Anmol Publications Pvt.Ltd
Year of publication 2013
300 ## - PHYSICAL DESCRIPTION
Number of Pages 304
942 ## - ADDED ENTRY ELEMENTS (KOHA)
Koha item type Books
Holdings
Withdrawn status Lost status Damaged status Collection code Home library Current library Shelving location Date acquired Source of acquisition Cost, normal purchase price Full call number Accession Number Koha item type
        KAUAET KAUAET General Stacks 14/06/2016 Penta Books, Calicut 1500.00 630.33 KUL/PR 24189 Books
free website counter